'Q' Words Quiz Stats

 Plays Quiz Updated Nov 14, 2018

     
Support Sporcle.
Go Orange.
Score 0/40 Timer 08:00
1 Play Today
Definition Word % Correct
A four-sided enclosure especially when surrounded by buildingsquadrangle
84.2%
To relieve or satisfy with liquidquench
76.2%
The fertile fully developed female of social bees, ants and termites whose function is to lay eggsqueen
74.2%
Any of various small American game birdsquail
72.4%
Multiply by fourquadruple
66.7%
A waiting linequeue
66.3%
A bed coverlet of two layers of cloth filled with wool, cotton or down held in place by stitch designsquilt
64.8%
A pretender to medical skillquack
64.6%
Suffering from nausea and uneasinessqueasy
64.4%
A chivalrous enterprise in medieval romance usually involving an adventerous journeyquest
63.3%
An open excavation usually for obtaining building stone, slate or limestonequarry
61.2%
An instance of shaking or tremblingquake
60.9%
A mineral consisting of a silicon dioxide that occurs in colorless and transparent or colored hexagonal crystalsquartz
58%
A large stiff feather, especially of the wing or tailquill
56.3%
A witty or funny observationquip
55.2%
A verbal conflict between antagonistsquarrel
53.7%
A peculiar traitquirk
51.9%
To determine, express or measure the quantity ofquantify
51.1%
A pound sterlingquid
44.4%
A particle that carries a fractional electric charge that is constituent of elementary particlesquark
44.1%
Definition Word % Correct
A state of enforced isolationquarantine
43.6%
A drink or to drink deeplyquaff
35.2%
A precarious or difficult positionquagmire
29.7%
Marked by beauty or elegancequaint
28.9%
A feeling of uneasiness about a point of conscience, honor or proprietyqualm
27.9%
The number that when duly assembled is legally competent to transact businessquorum
27.2%
The leaves of the shrub Catha edulis that have the effect of a euphoric stimulantqat
25.6%
A skill that fits a person (as for an office)qualification
25.4%
To nullify, especially by judicial actionquash
24%
A thick-shelled clamquahog
22.4%
To cause to be enlivenedquicken
19.4%
Lasting for four years or every fourth yearquadrennial
17.2%
The stern area of a ship's upper deckquarterdeck
15.6%
Idealistic to an impractical degreequixotic
14.7%
Indicating mild or amused puzzlementquizzical
13.3%
A spirited march tune usually accompanying a march in quick timequickstep
12%
An abrupt transition (as of an electron) from one discrete energy state to anotherquantum jump
10.9%
Being at rest; inactivequiescent
7.1%
To release or relinquish a legal claim toquitclaim
6.7%
A bet as in a horse race where the bettor must pick the first and second place finisher, but need not pick the orderquinella
5.9%

From the Vault

Large AND Populous Countries

by jonesjeffum

Geography 60s
Having a low population density really helps you find parking spots.
Remove Ads.
Support Sporcle.
Get the best of Sporcle when you Go Orange. This ad-free experience offers more features, more stats, and more fun while also helping to support Sporcle. Thank you for becoming a member.

Show Comments

Extras

Top Quizzes Today


Score Distribution

Your Account Isn't Verified!

In order to create a playlist on Sporcle, you need to verify the email address you used during registration. Go to your Sporcle Settings to finish the process.

Report this User

Report this user for behavior that violates our Community Guidelines.

Details: